Literarne kritike /

Disimpan dalam:
Butiran Bibliografi
Pengarang Utama: Vidmar, Josip, 1895-
Format: Buku
Bahasa:Slovenian
Diterbitkan: [Ljubljana?] : Državna zal. Slovenije, 1951.
Siri:Kritike in eseji ; 1.
Subjek-subjek:
Penanda-penanda: Tambah Penanda
Tiada Penanda, Jadilah orang pertama menanda rekod ini!
LEADER 00610nam a2200205Ia 4500
001 006830390-4
005 20020606163548.3
008 910131s1951 yu 000 0 slv d
035 0 |a ocm23034834 
040 |a KKU  |c KKU  |d HLS 
090 |a PG1902.4  |b .V53 1951 
100 1 |a Vidmar, Josip,  |d 1895- 
245 1 0 |a Literarne kritike /  |c Josip Vidmar. 
260 |a [Ljubljana?] :  |b Državna zal. Slovenije,  |c 1951. 
300 |a 581 p. ;  |c 21 cm. 
490 1 |a Kritike in eseji ;  |v 1 
650 0 |a Slovenian literature  |y 20th century  |x History and criticism. 
830 0 |a Kritike in eseji ;  |v 1. 
988 |a 20020608 
906 |0 OCLC